000 00825 a2200193 4500
999 _c5318
_d5318
020 _a9780335152261
050 0 0 _aLC 5215 BRO 1986
100 1 _aBrookfield, Stephen.
_eAuthor
245 1 0 _aUnderstanding and facilitating adult learning:
_ba comprehensive analysis of principles and effective practices /
_cStephen D. Brookfield.
264 _aBuckingham:
_bOpen University Press,
_c1986
300 _axvi, 375 p. ;
500 _aIncludes bibliographical references (p. 301-356) and indexes.
504 _aIncludes bibliographical references (p. 301-356) and indexes.
650 0 _aAdult learning
_xCase studies.
650 0 _aAdult education
_xCase studies.
650 0 _aContinuing education
_xCase studies.
942 _2lcc
_cBK
_h5215
_iBRO
_kLC